Grande libro delle civiltà dalla preistoria ai grandi imperi (Il) (Record no. 90637)
[ view plain ]
| 000 -LEADER | |
|---|---|
| fixed length control field | 01650nam a2200337Ia 4500 |
| 001 - CONTROL NUMBER | |
| control field | H9580 |
| 003 - CONTROL NUMBER IDENTIFIER | |
| control field | IT-RoPAU |
| 008 - FIXED-LENGTH DATA ELEMENTS--GENERAL INFORMATION | |
| fixed length control field | 130308s9999 xx 000 0 und d |
| 040 ## - CATALOGING SOURCE | |
| Original cataloging agency | IT-RoPAU |
| 040 ## - CATALOGING SOURCE | |
| Transcribing agency | IT-RoPAU |
| 041 ## - LANGUAGE CODE | |
| Language code of text/sound track or separate title | ITALIANO |
| 100 ## - MAIN ENTRY--PERSONAL NAME | |
| Personal name | Khuon Ernst Von |
| 100 ## - MAIN ENTRY--PERSONAL NAME | |
| Miscellaneous information | Codice Aut. SPICS: 59855 |
| 240 ## - UNIFORM TITLE | |
| Uniform title | KULTUREN, VOLKER UND REICHE VERGANGENER ZEITEN |
| 240 ## - UNIFORM TITLE | |
| Miscellaneous information | Codice Tit. Orig. Spics: T3842 |
| 245 ## - TITLE STATEMENT | |
| Title | Grande libro delle civiltà dalla preistoria ai grandi imperi (Il) |
| 245 ## - TITLE STATEMENT | |
| Remainder of title | Grande Libro delle Civilta' Dalla Preistoria Ai Grandi imperi (Il) |
| 250 ## - EDITION STATEMENT | |
| Edition statement | 1a ed. |
| 260 ## - PUBLICATION, DISTRIBUTION, ETC. (IMPRINT) | |
| Place of publication, distribution, etc. | MILANO |
| 260 ## - PUBLICATION, DISTRIBUTION, ETC. (IMPRINT) | |
| Name of publisher, distributor, etc. | Vallardi |
| 260 ## - PUBLICATION, DISTRIBUTION, ETC. (IMPRINT) | |
| Date of publication, distribution, etc. | 1979 [1° Ed.:1979 - Ed.Ling.Originale:1972] |
| 300 ## - PHYSICAL DESCRIPTION | |
| Extent | "248 p. (prefazione: no ; testo: 248 [pagine: 0-0])" |
| 500 ## - GENERAL NOTE | |
| General note | Età della Pietra. Età del Bronzo e del Ferro. Favolose ricchezze degli Antichi Principi di Mesopotamia. Antico Egitto. Ittiti, Fenici, Ebrei. Persia impero del Re dei Re. Creta e Micene Piu' Antiche Civiltà del Mar Egeo. Immortale splendore dell'antica Grecia. Misteriose Origini degli Etruschi. Antica Roma. impero Bizantino. Longobardi, Franchi e Normanni. sotto verde Bandiera dell'Islam. Antica grandezza dei Re dell'Africa Nera. India tra Induismo e Buddismo. vecchia Cina Dietro Gigantesca Muraglia. solitario Enigmatico Giappone. molteplici Culture Nei mari del Sud. Americhe. Atlante. |
| 650 ## - SUBJECT ADDED ENTRY--TOPICAL TERM | |
| Topical term or geographic name as entry element | STORIA UNIVERSALE DELLE ARTI VISIVE |
| 650 ## - SUBJECT ADDED ENTRY--TOPICAL TERM | |
| Relator term | Codice materia Spics: 5009 |
| 700 ## - ADDED ENTRY--PERSONAL NAME | |
| Personal name | Garobbio AurelioVallardi Emanuela |
| 700 ## - ADDED ENTRY--PERSONAL NAME | |
| Miscellaneous information | Codice Aut. SPICS: 59853Codice Aut. SPICS: 59854 |
| 942 ## - ADDED ENTRY ELEMENTS (KOHA) | |
| Koha item type | LIBRO |
| 957 ## - | |
| -- | 1 |
| 999 ## - SYSTEM CONTROL NUMBERS (KOHA) | |
| -- | 1 |
| Withdrawn status | Lost status | Damaged status | Not for loan | Home library | Current library | Date acquired | Total Checkouts | Full call number | Date last seen | Price effective from | Koha item type | Public note |
|---|---|---|---|---|---|---|---|---|---|---|---|---|
| Buone Condizioni | Not For Loan | SPICS-MEDIATECA | SPICS-MEDIATECA | 08/03/2013 | H9580 | 08/03/2013 | 08/03/2013 | LIBRO | Progressivo inserimento: 22149 / N. Volumi: 1 Copie: 1 / data import: 1 marzo 2013 - By Epidotti, Trombetti, Vaglietti. |